000 00478cam a2200157ua 4500
041 _aeng
_h
082 _a028.74621
_bVAR/SE
100 _aVarma, C.V.J.
245 _aSeminar on innovation in distribution and revenue management 18-19 March-1999,Jaipur /
_cC V J Varma.
_hTextual Documents
260 _aNew Delhi :
_bCentral Board of Irrigation and Power (CBIP) ,
_c1999.
300 _a173 ; .
504 _a
700 1 _aLal, P K .
942 _cBK
999 _c6322
_d6322